Critical study of the Indian constitution. (Record no. 766)
[ view plain ]
| 000 -LEADER | |
|---|---|
| fixed length control field | 00478cam a2200181ua 4500 |
| 008 - FIXED-LENGTH DATA ELEMENTS--GENERAL INFORMATION | |
| fixed length control field | 110421n ii |||gr||||Z||||||eng |
| 040 ## - CATALOGING SOURCE | |
| Transcribing agency | MAIN |
| 082 ## - DEWEY DECIMAL CLASSIFICATION NUMBER | |
| Classification number | 342.54 |
| 245 1# - TITLE STATEMENT | |
| Title | Critical study of the Indian constitution. |
| Statement of responsibility, etc. | By K P Dubey. |
| 250 ## - EDITION STATEMENT | |
| Edition statement | 1st. |
| 260 ## - PUBLICATION, DISTRIBUTION, ETC. | |
| Place of publication, distribution, etc. | Allahabad.: |
| Name of publisher, distributor, etc. | Kitab mahal.,968. |
| 300 ## - PHYSICAL DESCRIPTION | |
| Extent | 150 p.: |
| Dimensions | 20 cm. |
| 700 1# - ADDED ENTRY--PERSONAL NAME | |
| Personal name | Dubey, K P., |
| 942 ## - ADDED ENTRY ELEMENTS (KOHA) | |
| Koha item type | Books |
| 653 ## - INDEX TERM--UNCONTROLLED | |
| Uncontrolled term | Political science. |
| 653 ## - INDEX TERM--UNCONTROLLED | |
| Uncontrolled term | Critical study of the Indian constitution. |
| Withdrawn status | Lost status | Damaged status | Not for loan | Home library | Current library | Shelving location | Date acquired | Total Checkouts | Full call number | Barcode | Date last seen | Copy number | Price effective from | Koha item type |
|---|---|---|---|---|---|---|---|---|---|---|---|---|---|---|
| Naharkatiya College Library | Naharkatiya College Library | 19/09/2020 | 342.54 | DUB | 253 | 19/09/2020 | 1 | 19/09/2020 | Books |
